| 000 | 01148nam2a2200253 4500 | ||
|---|---|---|---|
| 001 | RU\NLR\bibl\42013 | ||
| 005 | 20250615030201.0 | ||
| 021 |
_aRU _b99-18926 _9921 |
||
| 035 | _a(NLR Aleph) 000040942 | ||
| 090 |
_a213956 _c213956 |
||
| 100 | _a19990806d1999 |||y0rusy50 ca | ||
| 101 | 0 | _arus | |
| 102 | _aRU | ||
| 105 | _aa ||||||||| | ||
| 200 | 1 | _aПеремещения железобетонных элементов. Реконструкция и усиление] | |
| 210 |
_d1999 _aБ. м. |
||
| 215 |
_a47 с. _cил. |
||
| 320 | _aБиблиогр.: с. 46 | ||
| 461 | 0 |
_1001RU\NLR\bibl\44879 _12001#$aРасчеты железобетонных конструкций в эксплуатационной стадии$v[Ч. 2 _9230699 _aШвидко, Я. И. _cМ. _d1999 _fЯ.И. Швидко _nМИИТ _oУчеб. пособие для студентов вузов ж.-д. трансп. _tРасчеты железобетонных конструкций в эксплуатационной стадии _v[Ч. 2 |
|
| 801 | 0 |
_aRU _bNLR _c19990806 _gPSBO |
|
| 801 | 1 |
_aRU _bNLR _c19990806 |
|
| 852 |
_aNLR _j99-4/4548 |
||
| 942 | _cBOOK | ||
| 980 | _aNB | ||